Mountains and hills

Bibliographic Details
Main Author: Spilsbury, Louise
Corporate Author: Title
Other Authors: Spilsbury, Richard
Format: Book
Published: London : Heinemann Library , 2004
Series:Wild habitats of the British Isles
Subjects:

MARC

LEADER 00000cam a2200000 7i4500
001 0000005159
005 20151222.0
008 070802
020 |a 0431121222 
090 0 0 |a NH   |b ENG 
100 1 |a Spilsbury, Louise 
245 1 0 |a Mountains and hills   |c Louise and Richard Spilsbury 
260 |a London :   |b Heinemann Library ,   |c 2004 
440 |a Wild habitats of the British Isles 
500 |a Children ages 7-9 years old (orange) 
650 0 |a Junior fiction   |x Malay   |x Languages 
650 0 |a Natural history 
700 1 |a Spilsbury, Richard 
710 0 |a Title 
999 |a 0000979115   |b Book   |c Children Collection   |e Cawangan Tmn. Ungku Tun Aminah 
999 |a 0000979116   |b Book   |c Children Collection   |e Cawangan Taman Universiti 
999 |a 0001077328   |b Book   |c Children Collection   |e Cawangan Batu Pahat